000 00643nam a22002057a 4500
005 20180626152008.0
010 _aENG-123282
020 _c225.00
_a9789352535859
035 _aEN-106814
037 _bDBAD/PUB
082 _a540
100 _aMadan, R L
245 _aChemistry for degree students:
_cby R L Madan
_bB.Sc. Elective
246 _aChemistry for degree students- Elective
260 _aNew Delhi
_bS Chand Publishing
_c2017
270 _aRam Nagar.
_bNew Delhi
_e110055
300 _a324p.
_c23cm(pbk)
500 _aSemester V/VI as per UGC Choice Based Credit System CBCS
942 _2ddc
_cEN
_mMAD
_h540
999 _c152905
_d152905